|
|
|
|
| LEADER |
00000nab a2200000 a 4500 |
| 001 |
vtls000239592 |
| 003 |
SK-MaSNL |
| 005 |
20260302211900.0 |
| 008 |
160201c1986 xo 0 cze |
| 015 |
|
|
|a SNBRB19rr/mm-uuuuu
|
| 035 |
|
|
|a CL0249706
|
| 040 |
|
|
|a SNKBUCL
|b slo
|c SNKBUCL
|e AACR2
|
| 041 |
0 |
|
|a cze
|
| 044 |
|
|
|a xo
|c SK
|
| 080 |
|
|
|a 634.84:631.52
|2 1981
|
| 080 |
|
|
|a 631.52
|2 1981
|
| 100 |
1 |
|
|a Křivánek, Václav,
|d 1927-2009
|4 aut
|9 122518
|
| 245 |
1 |
0 |
|a Půběh a výsledky výběru Burgandského bílého pro vinohradnické oblasti ČSSR
|c Václav Křivánek
|
| 300 |
|
|
|b Obr. 2. Tb. 4.
|
| 650 |
0 |
7 |
|a vinič hroznorodý
|2 snkbucl
|9 15944
|
| 655 |
|
7 |
|a články z novín a časopisov
|2 snkbucl
|9 267496
|
| 773 |
0 |
|
|t Vinohrad
|g Roč. 24, č. 2 (1986), s. 33-34
|
| 850 |
|
|
|a Slovenská národná knižnica v Martine
|a MTA001
|
| 852 |
|
|
|a SNK
|b KIS3GCP
|
| 958 |
|
|
|a RK
|
| 958 |
|
|
|a CZ
|
| 992 |
|
|
|a RBX
|
| 999 |
|
|
|c 1486821
|d 1488751
|